000 00477nam a2200181Ia 4500
005 20250326124017.0
008 250326s9999 xx 000 0 und d
037 _aTextbook
040 _aFMSL
_beng
_cFMSL
041 _aeng
_2eng
084 _aX L1
_qFMSL
100 _aReynolds L G
245 0 _aThree worlds of economics
_cReynolds L G
260 _aLondon
_bLondon, Yale University
_c1971
300 _a344p
942 _cTB
_hX L1
999 _c1271878
_d1271878